After imperialism

में बचाया:
ग्रंथसूची विवरण
स्वरूप: पुस्तक
भाषा:Undetermined
प्रकाशित: Cambridge Harvard University Press 1965
टैग : टैग जोड़ें
कोई टैग नहीं, इस रिकॉर्ड को टैग करने वाले पहले व्यक्ति बनें!
Thư viện lưu trữ: Trung tâm Học liệu Trường Đại học Cần Thơ
LEADER 00371nam a2200145Ia 4500
001 CTU_107855
008 210402s9999 xx 000 0 und d
082 |a 950 
082 |b A258 
245 0 |a After imperialism 
260 |a Cambridge 
260 |b Harvard University Press 
260 |c 1965 
904 |i M.Loan 
980 |a Trung tâm Học liệu Trường Đại học Cần Thơ